A treatise on practical mensuration (Record no. 113960)

MARC details
000 -LEADER
fixed length control field 00671cam a22002055a 4500
001 - CONTROL NUMBER
control field L155984
008 - FIXED-LENGTH DATA ELEMENTS--GENERAL INFORMATION
fixed length control field 120424s1875 xxk f 000 0 eng d
035 ## - SYSTEM CONTROL NUMBER
System control number (Sirsi) u155984
041 0# - LANGUAGE CODE
Language code of text/sound track or separate title eng
100 1# - MAIN ENTRY--PERSONAL NAME
Personal name Nesbit, Anthony
Dates associated with a name 1778-1859
245 02 - TITLE STATEMENT
Title A treatise on practical mensuration
Statement of responsibility, etc. by A. Nesbit ...
250 ## - EDITION STATEMENT
Edition statement New ed.
Remainder of edition statement thoroughly rev. and greatly improved by the Rev. John Hunter ...
260 ## - PUBLICATION, DISTRIBUTION, ETC.
Place of publication, distribution, etc. London
Name of publisher, distributor, etc. Longmans, Green, and Co.
Date of publication, distribution, etc. [1875]
300 ## - PHYSICAL DESCRIPTION
Extent xxiv, 443, 16 p.
Other physical details ill.
Dimensions 18 cm.
583 ## - ACTION NOTE
Action Condition reviewed
Time/date of action 20120620
Status condition level 1
651 #4 - SUBJECT ADDED ENTRY--GEOGRAPHIC NAME
Geographic name Great Britain
Chronological subdivision 1707-
690 ## - LOCAL SUBJECT ADDED ENTRY--TOPICAL TERM (OCLC, RLIN)
Topical term or geographic name as entry element Measurement
9 (RLIN) 6256
700 1# - ADDED ENTRY--PERSONAL NAME
Personal name Hunter, John
942 ## - ADDED ENTRY ELEMENTS (KOHA)
Suppress in OPAC 0
Holdings
Withdrawn status Lost status Source of classification or shelving scheme Damaged status Not for loan Home library Current library Shelving location Date acquired Total Checkouts Full call number Barcode Date last seen Copy number Price effective from Koha item type
    Dewey Decimal Classification     Historic collection Historic collection Historic collection 24/04/2012   OCTAVO 1875 NESBIT 30077874 06/08/2019 1 06/08/2019 Book